000 00377nam a2200145Ia 4500
008 100122s9999 xx 000 0 und d
082 _b53459
_a920.054
100 _aअकोलकर प्रकाश
245 _aझोत
260 _bरामनाथ आंबेरकर
_c1997
300 _a189
630 _aझोत
730 _aझोत
942 _cBOOK
999 _c430472
_d430469